Statistiques concernant Résultats des pays organisateurs de la Coupe du monde de football (1930-1974)

Cliquez ici pour prendre le quiz!

Statistiques générales

  • Ce quiz a été pris 150 fois
  • Le résultat moyen est 42 sur 49

Statistiques - réponses

EditionParcoursOrganisateurAdversaireScore% Correct
1962Demi-finaleChiliBrésil2-4
98%
1958FinaleSuèdeBrésil2-5
98%
1938Quarts de finaleFranceItalie1-3
98%
19621er tourChiliItalie2-0
98%
19541er tourSuisseItalie4-1
98%
19541er tourSuisseItalie2-1
98%
1970Quarts de finaleMexiqueItalie1-4
98%
19621er tourChiliAllemagne0-2
96%
1966FinaleAngleterreAllemagne4-2 a.p.
96%
1958Demi-finaleSuèdeAllemagne3-1
96%
19741er tourAllemagneAllemagne de l'Est0-1
96%
19661er tourAngleterreFrance2-0
95%
1930FinaleUruguayArgentine4-2
94%
1966Quarts de finaleAngleterreArgentine1-0
94%
1950Tour finalBrésilSuède7-1
93%
19742e tourAllemagneSuède4-2
93%
19541er tourSuisseAngleterre0-2
90%
1962Quarts de finaleChiliUnion soviétique2-1
90%
19701er tourMexiqueUnion soviétique0-0
90%
1958Quarts de finaleSuèdeUnion soviétique2-0
90%
19701er tourMexiqueBelgique1-0
89%
1938Huitièmes de finaleFranceBelgique3-1
89%
1934Huitièmes de finaleItalieEtats-Unis7-1
89%
19501er tourBrésilMexique4-0
89%
19661er tourAngleterreMexique2-0
89%
19581er tourSuèdeMexique4-0
89%
19741er tourAllemagneChili1-0
88%
1934Quarts de finaleItalieEspagne1-0
88%
1950Tour finalBrésilEspagne6-1
88%
19661er tourAngleterreUruguay0-0
88%
1950FinaleBrésilUruguay1-2
88%
1974FinaleAllemagnePays-Bas2-1
86%
19581er tourSuèdeHongrie2-1
85%
19621er tourChiliSuisse3-1
85%
19501er tourBrésilSuisse2-2
85%
1962Troisième placeChiliYougoslavie1-0
83%
1930Demi-finaleUruguayYougoslavie6-1
83%
19742e tourAllemagneYougoslavie2-0
83%
19501er tourBrésilYougoslavie2-0
83%
1966Demi-finaleAngleterrePortugal2-1
82%
1934FinaleItalieTchécoslovaquie2-1 a.p.
82%
1954Quarts de finaleSuisseAutriche5-7
76%
1934Demi-finaleItalieAutriche1-0
76%
19742e tourAllemagnePologne1-0
74%
19301er tourUruguayPérou1-0
68%
19741er tourAllemagneAustralie3-0
63%
19301er tourUruguayRoumanie4-0
58%
19581er tourSuèdePays de Galles0-0
42%
19701er tourMexiqueSalvador4-0
15%

Distribution des résultats

Percentile par nombre de réponses

% des personnes avec chaque résultat

Votre développement - résultats

Vous n’avez pas pris ce quiz